[Event "29th Czech Open A 2018"]
[Site "Pardubice CZE"]
[Date "2018.07.24"]
[Round "5.108"]
[White "Oberhofer, Cedric"]
[Black "Dushyant, Sharma"]
[Result "1-0"]
[BlackTitle "FM"]
[WhiteElo "2141"]
[BlackElo "2243"]
[WhiteFideId "12941220"]
[BlackFideId "25065130"]
[EventDate "2018.07.20"]

1. d4 Nf6 2. c4 e6 3. Nf3 d5 4. g3 Be7 5. Bg2 O-O 6. O-O dxc4 7. Qc2 c5 8. dxc5
Nc6 9. Nbd2 e5 10. Nxc4 Qc7 11. Bg5 Bg4 12. e3 Rad8 13. a3 a5 14. Rac1 h6 15.
Bxf6 Bxf6 16. Nfd2 g6 17. Ne4 Bg7 18. Ned6 Ra8 19. Qb3 Rfb8 20. Nb6 Ra6 21. Nxf7
Kh7 22. Nd6 Bf8 23. Nd5 Qg7 24. Ne4 Ne7 25. Nxe7 Bxe7 26. Qc3 a4 27. h3 Be6 28.
Rfd1 Rc8 29. Qb4 Rc7 30. Nd6 Qf8 31. Nxb7 Bb3 32. Re1 Rf6 33. f4 Re6 34. Nd6
Bxd6 35. cxd6 Rxc1 36. Rxc1 Qxd6 37. Qxd6 Rxd6 38. Rf1 Rd2 39. Rf2 Rd3 40. Re2
Bd1 41. Re1 Rd2 42. fxe5 Bb3 43. Bc6 Rxb2 44. Bd7 Kg7 45. Rf1 Re2 46. e6 Rxe3
47. Rf7+ Kg8 48. Kf2 Re5 49. Rf4 Bxe6 50. Bxe6+ Rxe6 51. Rxa4 Rb6 52. Re4 Ra6
53. Re3 Kf7 54. Ke2 Rb6 55. Kd2 Rb2+ 56. Kc3 Rh2 57. h4 Kf6 58. Kb3 Kf5 59. a4
Rh1 60. a5 Kg4 61. Kb4 g5 62. hxg5 hxg5 63. a6 Rh8 64. Kb5 Kh3 65. a7 g4 66. Rc3
Rh5+ 67. Kb6 Rh6+ 68. Kb7 Rh8 69. a8=Q 1-0

[Event "29th Czech Open A 2018"]
[Site "Pardubice CZE"]
[Date "2018.07.24"]
[Round "5.109"]
[White "Ristoja, Samu"]
[Black "Zhuravlev, Stepan"]
[Result "0-1"]
[WhiteElo "2239"]
[BlackElo "2121"]
[WhiteFideId "504025"]
[BlackFideId "34120197"]
[EventDate "2018.07.20"]

1. e4 e5 2. Nf3 Nc6 3. Bb5 a6 4. Ba4 Nf6 5. Nc3 Bd6 6. a3 O-O 7. d3 h6 8. Bb3
Bc5 9. h3 d6 10. g4 Nh7 11. Ne2 Be6 12. c3 Qf6 13. Neg1 Rad8 14. c4 Ne7 15. Rh2
Ng6 16. Rg2 Nf4 17. Bxf4 Qxf4 18. Qd2 Qxd2+ 19. Kxd2 c6 20. d4 Bxd4 21. Nxd4
exd4 22. Ne2 c5 23. Nf4 g5 24. Nh5 b5 25. Kd3 Rfe8 26. f3 f6 27. Ba2 Kf7 28.
cxb5 Bxa2 29. Rxa2 axb5 30. Rc2 Nf8 31. a4 Ng6 32. Rc1 Ne5+ 33. Ke2 bxa4 34. Ng3
Rb8 35. Nf5 Red8 36. Rb1 Rb4 37. h4 Ke6 38. Kd1 Rdb8 39. Nxh6 Rh8 40. Nf5 gxh4
41. Ke2 h3 42. Ng7+ Kf7 43. Nh5 Rhb8 44. f4 h2 45. fxe5 Rxb2+ 46. Rbxb2 Rxb2+
47. Rxb2 h1=Q 48. Rb7+ Kg6 49. Rg7+ Kh6 50. exf6 Qxe4+ 51. Kf2 d3 52. Re7 Qxg4
53. f7 Qf5+ 54. Ke1 Kxh5 0-1

[Event "29th Czech Open A 2018"]
[Site "Pardubice CZE"]
[Date "2018.07.24"]
[Round "5.110"]
[White "Chudinovskikh, Alexander M"]
[Black "Svanda, Ondrej"]
[Result "0-1"]
[WhiteTitle "IM"]
[WhiteElo "2237"]
[BlackElo "2111"]
[WhiteFideId "4106083"]
[BlackFideId "359670"]
[EventDate "2018.07.20"]

1. e4 c5 2. Nf3 e6 3. c3 Nf6 4. e5 Nd5 5. d4 cxd4 6. cxd4 b6 7. Nc3 Nxc3 8. bxc3
Qc7 9. Bd2 Bb7 10. Bd3 d6 11. O-O Nd7 12. exd6 Bxd6 13. Re1 O-O 14. h4 Bf4 15.
Ng5 Nf6 16. Rc1 Rac8 17. Qc2 h6 18. Nh3 Bd6 19. Qd1 Qc6 20. Bf1 Rfd8 21. Nf4 Qc7
22. Nh5 Bh2+ 23. Kh1 Nxh5 24. Qxh5 Bf4 25. Be3 Bxe3 26. fxe3 Qg3 27. Kg1 Rd5 28.
Qf3 Qxh4 29. Qf2 Qxf2+ 30. Kxf2 Ra5 31. Re2 Bd5 32. Rcc2 Ra3 33. e4 Bc4 34. Re3
Rxa2 35. Rxa2 Bxa2 36. Ba6 Rc7 37. c4 f6 38. Ke1 Bb1 39. g4 g6 40. Bb5 Kf7 41.
Kd2 f5 42. gxf5 gxf5 43. e5 Be4 44. Kc3 Bb7 45. Kb4 a6 46. Ba4 f4 47. Rh3 Kg6
48. Bd1 Bg2 49. Rc3 Rf7 50. Bf3 Bxf3 51. Rxf3 Kg5 52. d5 Kf5 53. d6 Kxe5 54. c5
bxc5+ 55. Kxc5 Ke4 56. Rf1 f3 57. Kc6 f2 58. d7 Rxd7 59. Rxf2 Rd3 60. Re2+ Re3
61. Rh2 e5 62. Rxh6 Rc3+ 63. Kd6 Kd4 64. Rh1 e4 65. Ke6 Rc5 66. Kd6 Rg5 0-1

[Event "29th Czech Open A 2018"]
[Site "Pardubice CZE"]
[Date "2018.07.24"]
[Round "5.111"]
[White "Murray, David"]
[Black "Varitski, Igor"]
[Result "0-1"]
[BlackTitle "IM"]
[WhiteElo "2112"]
[BlackElo "2235"]
[WhiteFideId "2501511"]
[BlackFideId "14102862"]
[EventDate "2018.07.20"]

1. e4 c6 2. d4 Na6 3. Nc3 Nc7 4. Nf3 d5 5. exd5 cxd5 6. Bd3 Bg4 7. Bf4 Nf6 8. h3
Bxf3 9. Qxf3 e6 10. O-O Bd6 11. Nb5 Bxf4 12. Qxf4 Nxb5 13. Bxb5+ Ke7 14. Rfe1
Qd6 15. Qxd6+ Kxd6 16. Bd3 Rhc8 17. c3 a6 18. Re5 b5 19. f4 g6 20. g4 Ra7 21. f5
exf5 22. gxf5 g5 23. Rae1 Rc6 24. Kf2 Rb7 25. a3 a5 26. Ra1 Nh5 27. Re8 Nf4 28.
Bf1 b4 29. axb4 axb4 30. cxb4 Rxb4 31. Ra7 Rxd4 32. Rxf7 Rd2+ 33. Ke3 Rxb2 34.
Rd8+ Kc5 35. Rxh7 Rb3+ 36. Kf2 Kd4 37. Re8 Rc2+ 38. Kg1 Rb1 39. f6 Rg2+ 0-1

[Event "29th Czech Open A 2018"]
[Site "Pardubice CZE"]
[Date "2018.07.25"]
[Round "6.1"]
[White "Movsesian, Sergei"]
[Black "Steinberg, Nitzan"]
[Result "1-0"]
[WhiteTitle "GM"]
[BlackTitle "GM"]
[WhiteElo "2635"]
[BlackElo "2521"]
[WhiteFideId "310204"]
[BlackFideId "2801795"]
[EventDate "2018.07.20"]

1. e4 c5 2. Nc3 d6 3. Nge2 a6 4. g3 b5 5. Bg2 Bb7 6. O-O Nd7 7. d4 cxd4 8. Nxd4
e6 9. Re1 Be7 10. a4 bxa4 11. Rxa4 Qc7 12. Qh5 g6 13. Qe2 Nb6 14. Rb4 Nf6 15.
Bh6 e5 16. Bg7 Rg8 17. Bxf6 Bxf6 18. Nd5 Nxd5 19. exd5 Kf8 20. Nc6 Kg7 21. Rc4
a5 22. Ra4 Rge8 23. Qd2 e4 24. Rexe4 Rxe4 25. Bxe4 Qb6 26. b3 Qc5 27. Rxa5 Bc3
28. Rxc5 Bxd2 29. Rc4 Ra1+ 30. Kg2 Ba6 31. Ra4 Rxa4 32. bxa4 Bc4 33. f4 f5 34.
Bf3 Be1 35. Nd4 Kf6 36. Ne2 h6 37. Kf1 Bd2 38. Kf2 g5 39. h3 Ke7 40. Bg2 Kf6 41.
Bh1 Ke7 42. Bf3 Kf6 43. c3 gxf4 44. gxf4 Ke7 45. a5 Bd3 46. Nd4 Kd7 47. Be2 Be4
48. a6 Kc7 49. Nb5+ Kb6 50. Nxd6 Bxf4 51. Nc8+ Kc7 52. a7 Bxd5 53. Bf3 Bb7 54.
Ne7 Bd6 55. Nxf5 Bc5+ 56. Kg3 Bxa7 57. Bxb7 Kxb7 58. Nxh6 Kc6 59. Nf5 Kd5 60.
Kf3 Kc4 61. Nd6+ Kd3 62. Ne4 Be3 63. Nf2+ Kd2 64. c4 Bd4 65. c5 Kc3 66. c6 Bb6
67. Ke4 1-0

[Event "29th Czech Open A 2018"]
[Site "Pardubice CZE"]
[Date "2018.07.25"]
[Round "6.2"]
[White "Harsha, Bharathakoti"]
[Black "Stany, G.A."]
[Result "1/2-1/2"]
[WhiteTitle "IM"]
[BlackTitle "IM"]
[WhiteElo "2465"]
[BlackElo "2483"]
[WhiteFideId "5078776"]
[BlackFideId "5029104"]
[EventDate "2018.07.20"]

1. d4 Nf6 2. c4 g6 3. f3 d5 4. cxd5 Nxd5 5. e4 Nb6 6. Nc3 Bg7 7. Be3 O-O 8. Qd2
e5 9. d5 c6 10. Rd1 cxd5 11. exd5 N8d7 12. Nh3 Nc4 13. Bxc4 Qh4+ 14. Nf2 Qxc4
15. h4 Nf6 16. g4 e4 17. g5 Nh5 18. Nfxe4 f5 19. gxf6 Nxf6 20. Bd4 Bg4 21. Qd3
Qxd3 22. Rxd3 Bxf3 23. Rxf3 Nxe4 24. Rxf8+ Rxf8 25. Bxg7 Kxg7 26. Nxe4 Re8 1/2-1/2

[Event "29th Czech Open A 2018"]
[Site "Pardubice CZE"]
[Date "2018.07.25"]
[Round "6.3"]
[White "Van Foreest, Jorden"]
[Black "Christiansen, Johan-Sebastian"]
[Result "1/2-1/2"]
[WhiteTitle "GM"]
[BlackTitle "IM"]
[WhiteElo "2640"]
[BlackElo "2506"]
[WhiteFideId "1039784"]
[BlackFideId "1512668"]
[EventDate "2018.07.20"]

1. Nf3 d5 2. g3 Nd7 3. c4 dxc4 4. Qa4 a6 5. Qxc4 b5 6. Qc2 Bb7 7. Bg2 Ngf6 8.
O-O e6 9. a4 c5 10. axb5 axb5 11. Rxa8 Qxa8 12. Na3 Bc6 13. Ne1 Nd5 14. d4 Be7
15. dxc5 Nxc5 16. Bxd5 exd5 17. Nd3 Nxd3 18. Qxd3 b4 19. Nc2 O-O 20. Bd2 Qb7 21.
Nd4 Bd7 22. Rc1 Rc8 23. Rxc8+ Qxc8 24. Nf3 Qb7 25. Be3 Bb5 26. Qd2 Qa6 27. Nd4
Bd7 28. Nf3 Bb5 29. Nd4 Bd7 30. Nf3 1/2-1/2

[Event "29th Czech Open A 2018"]
[Site "Pardubice CZE"]
[Date "2018.07.25"]
[Round "6.4"]
[White "Schlosser, Philipp"]
[Black "Stocek, Jiri"]
[Result "1/2-1/2"]
[WhiteTitle "GM"]
[BlackTitle "GM"]
[WhiteElo "2501"]
[BlackElo "2586"]
[WhiteFideId "4600169"]
[BlackFideId "304760"]
[EventDate "2018.07.20"]

1. d4 Nf6 2. Nf3 e6 3. c4 b6 4. e3 Bb4+ 5. Nbd2 Bb7 6. a3 Be7 7. b4 O-O 8. Bb2
c5 9. dxc5 bxc5 10. b5 d5 11. Be2 Nbd7 12. O-O Bd6 13. a4 a5 14. Qc2 Re8 15.
Rfd1 h6 16. h3 Ra7 17. Rac1 1/2-1/2

[Event "29th Czech Open A 2018"]
[Site "Pardubice CZE"]
[Date "2018.07.25"]
[Round "6.5"]
[White "Sengupta, Deep"]
[Black "Simacek, Pavel"]
[Result "1-0"]
[WhiteTitle "GM"]
[BlackTitle "GM"]
[WhiteElo "2565"]
[BlackElo "2490"]
[WhiteFideId "5008352"]
[BlackFideId "307165"]
[EventDate "2018.07.20"]

1. e4 e5 2. Nf3 Nc6 3. Bb5 a6 4. Ba4 Nf6 5. d3 b5 6. Bb3 Be7 7. O-O d6 8. c3 O-O
9. Re1 Re8 10. Nbd2 Bf8 11. h3 h6 12. Nf1 Bb7 13. Ng3 g6 14. Bd2 Qd7 15. Nh4 Kh7
16. Rf1 Bg7 17. f4 d5 18. exd5 Nxd5 19. f5 Nce7 20. Ne4 Qc6 21. Kh1 Rf8 22. c4
Nf6 23. cxb5 axb5 24. Rc1 Qb6 25. Bb4 Rae8 26. Bc5 Qa6 27. Qe1 Qa8 28. Bxf7 Rxf7
29. Bxe7 g5 30. Bxf6 Bxf6 31. Ng6 Bd8 32. Qb4 Qa4 33. Qxa4 bxa4 34. Rc5 Ba6 35.
Rxe5 Rxe5 36. Nxe5 Re7 37. Nf6+ Kg7 38. Nfd7 Re8 39. f6+ Bxf6 40. Rxf6 1-0

[Event "29th Czech Open A 2018"]
[Site "Pardubice CZE"]
[Date "2018.07.25"]
[Round "6.6"]
[White "Belyakov, Bogdan"]
[Black "Mozharov, Mikhail"]
[Result "0-1"]
[WhiteTitle "IM"]
[BlackTitle "GM"]
[WhiteElo "2489"]
[BlackElo "2542"]
[WhiteFideId "24104795"]
[BlackFideId "4189825"]
[EventDate "2018.07.20"]

1. e4 e6 2. d4 d5 3. Nc3 Bb4 4. exd5 exd5 5. Nf3 Ne7 6. Bd3 Nbc6 7. O-O Bg4 8.
Be2 O-O 9. h3 Bh5 10. a3 Bxc3 11. bxc3 Nc8 12. a4 Nd6 13. Bg5 f6 14. Bf4 Ne4 15.
Bd2 Na5 16. Be1 Re8 17. g4 Bf7 18. Nh4 Nc4 19. Bf3 Qd7 20. Qc1 Re6 21. Nf5 Ra6
22. Bg2 Rxa4 23. Rxa4 Qxa4 24. Qf4 Qd7 25. Bxe4 dxe4 26. Qxe4 c6 27. Qd3 Nb2 28.
Qe3 Bc4 29. Qc1 Bxf1 30. Qxb2 Bxh3 31. f3 h5 32. Qb3+ Kh8 33. Ne3 hxg4 34. fxg4
Re8 35. c4 Bxg4 36. Bf2 Bf3 0-1

[Event "29th Czech Open A 2018"]
[Site "Pardubice CZE"]
[Date "2018.07.25"]
[Round "6.7"]
[White "Debashis, Das"]
[Black "Neverov, Valeriy"]
[Result "1/2-1/2"]
[WhiteTitle "GM"]
[BlackTitle "GM"]
[WhiteElo "2529"]
[BlackElo "2473"]
[WhiteFideId "5024854"]
[BlackFideId "14100150"]
[EventDate "2018.07.20"]

1. d4 d5 2. c4 e6 3. Nc3 Be7 4. cxd5 exd5 5. Bf4 Nf6 6. e3 O-O 7. Bd3 b6 8. Nf3
c5 9. O-O Bb7 10. Ne5 Nc6 11. Qf3 cxd4 12. Nxc6 Bxc6 13. exd4 Qd7 14. a3 Rfe8
15. Rfe1 Bd6 16. h3 Rxe1+ 17. Rxe1 Re8 18. Rxe8+ Nxe8 19. Bxd6 Qxd6 20. h4 Nf6
21. Ne2 Kf8 22. Qe3 Ng4 23. Qf4 Qxf4 24. Nxf4 h6 25. Kf1 Ke7 26. g3 Nf6 27. f3
Ne8 28. Ke2 Nc7 29. Ke3 Ne6 30. Ne2 a5 31. f4 f6 32. f5 Nc7 33. Nf4 Be8 34. g4
Bf7 35. Ne2 Be8 36. Nf4 Bf7 37. Be2 Be8 38. Bd1 Kd6 39. Bb3 Bf7 40. Ba4 Ke7 41.
Ng2 Kd6 42. Bd1 Be8 43. Be2 Bf7 44. Kf4 Ke7 45. Ne3 Kd6 46. g5 hxg5+ 47. hxg5
Be8 48. Kg4 Bf7 49. Kh4 Be8 50. Bd1 Ke7 51. Bf3 Kd6 52. Kg4 Bf7 53. Be2 Be8 54.
Kf4 Bb5 55. Bd1 Bd3 56. Ba4 Be2 57. Ng2 Bh5 58. g6 Be2 59. Ke3 Ba6 60. Nf4 Bc8
61. Bc2 Bd7 62. Bd3 Ne8 63. Kd2 Kc6 64. Nh5 Kd6 65. Kc3 b5 66. Kd2 Ke7 67. Nf4
Nc7 68. Ne2 Kd6 69. Nc1 Kc6 70. Nb3 Kb6 71. Nc5 Bc8 72. Ke3 Na6 73. Nb3 Nc7 74.
Kf4 Ne8 75. Nc1 Nd6 76. b3 Bd7 77. Ne2 b4 78. axb4 axb4 79. Ng3 Bb5 80. Bc2 Kc6
81. Nh5 Ne8 82. Ke3 Kd6 83. Nf4 Nc7 84. Bd1 Ba6 85. Nh5 Ne8 86. Be2 Bxe2 87.
Kxe2 Kc6 88. Ke3 Kd6 89. Nf4 Nc7 90. Nh5 Ne8 91. Ke2 Kc6 92. Kf3 Kd6 93. Ke3 1/2-1/2

[Event "29th Czech Open A 2018"]
[Site "Pardubice CZE"]
[Date "2018.07.25"]
[Round "6.8"]
[White "Shyam, Sundar M."]
[Black "Drozdowski, Kacper"]
[Result "1/2-1/2"]
[WhiteTitle "GM"]
[BlackTitle "IM"]
[WhiteElo "2527"]
[BlackElo "2455"]
[WhiteFideId "5019141"]
[BlackFideId "1136720"]
[EventDate "2018.07.20"]

1. e4 d6 2. d4 Nf6 3. Nc3 Nc6 4. Nf3 g6 5. d5 Nb8 6. h3 Bg7 7. Bc4 O-O 8. O-O c6
9. a4 cxd5 10. exd5 Na6 11. a5 Bd7 12. Qe2 Nb4 13. Bb3 Re8 14. Be3 Na6 15. Rfd1
Qc7 16. Nb5 Qb8 17. c4 Ne4 18. Bd4 Bxd4 19. Rxd4 Nf6 20. Qd2 Nc5 21. Bc2 Bxb5
22. cxb5 Ncd7 23. Re1 Ne5 24. Ng5 Qc7 25. Rh4 h5 26. Rxe5 dxe5 27. Bxg6 Rf8 28.
Bf5 Rac8 29. Bxc8 Rxc8 30. Ne4 Qc1+ 31. Qxc1 Rxc1+ 32. Kh2 Nxd5 33. Rxh5 1/2-1/2

[Event "29th Czech Open A 2018"]
[Site "Pardubice CZE"]
[Date "2018.07.25"]
[Round "6.9"]
[White "Noe, Christopher"]
[Black "Zwardon, Vojtech"]
[Result "1-0"]
[WhiteTitle "IM"]
[BlackTitle "IM"]
[WhiteElo "2520"]
[BlackElo "2424"]
[WhiteFideId "24692018"]
[BlackFideId "325511"]
[EventDate "2018.07.20"]

1. d4 Nf6 2. c4 e6 3. Nc3 Bb4 4. e3 O-O 5. Bd3 d5 6. Nf3 dxc4 7. Bxc4 a6 8. O-O
b5 9. Be2 c5 10. a4 Bxc3 11. bxc3 b4 12. dxc5 bxc3 13. Ba3 Qa5 14. Ne5 Bb7 15.
c6 Nxc6 16. Nxc6 Bxc6 17. Bxf8 Rxf8 18. Qd6 Rc8 19. Rfb1 Ne8 20. Qb4 Qg5 21. Qg4
Qa5 22. Bf1 h5 23. Qb4 Qg5 24. Rc1 a5 25. Qd4 h4 26. h3 e5 27. Qg4 Qxg4 28. hxg4
Bd7 29. Ra3 f6 30. Bb5 Bxb5 31. axb5 Rc5 32. Rb3 a4 33. Rb4 Nd6 34. b6 Nb7 35.
Rxa4 Rb5 36. Rxc3 Rxb6 37. Ra8+ Kh7 38. Rb8 Rb5 39. Rcc8 Kh6 40. Rh8+ 1-0

[Event "29th Czech Open A 2018"]
[Site "Pardubice CZE"]
[Date "2018.07.25"]
[Round "6.10"]
[White "Caspi, Israel"]
[Black "Deepan, Chakkravarthy J."]
[Result "0-1"]
[WhiteTitle "IM"]
[BlackTitle "GM"]
[WhiteElo "2484"]
[BlackElo "2519"]
[WhiteFideId "2807394"]
[BlackFideId "5011132"]
[EventDate "2018.07.20"]

1. e4 c5 2. Nf3 e6 3. d4 cxd4 4. Nxd4 Nc6 5. Nc3 Qc7 6. Be3 a6 7. Qd2 Nf6 8.
O-O-O Bb4 9. f3 Ne5 10. Nb3 b5 11. Qf2 Bxc3 12. bxc3 d6 13. Bb6 Qb8 14. Ba5 Nc6
15. Qg3 Ke7 16. Qxg7 Rg8 17. Qh6 Nxa5 18. Nxa5 Qc7 19. Qd2 e5 20. Nb3 Be6 21. g3
a5 22. Kb1 b4 23. cxb4 axb4 24. Qxb4 Rxa2 25. Qxd6+ Qxd6 26. Rxd6 Bxb3 27. Rb6
Rga8 28. Rxb3 Ra1+ 29. Kb2 R8a2+ 30. Kc3 Rc1 31. Rb7+ Kd8 32. Rxf7 Raxc2+ 33.
Kd3 Rc3+ 34. Kd2 R1c2+ 35. Kd1 Nd7 36. Rxh7 Nc5 37. Rh8+ Ke7 38. Rh7+ Kf8 39.
Rh8+ Kg7 40. Rd8 Nb3 41. Rd7+ Kf8 42. f4 Rb2 43. Ke1 Nd4 44. Kd1 Rb1+ 45. Kd2
Rc2+ 46. Ke3 Rb3+ 0-1

[Event "29th Czech Open A 2018"]
[Site "Pardubice CZE"]
[Date "2018.07.25"]
[Round "6.11"]
[White "Jarmula, Lukasz"]
[Black "Potapov, Alexander1"]
[Result "1-0"]
[WhiteTitle "IM"]
[BlackTitle "GM"]
[WhiteElo "2512"]
[BlackElo "2404"]
[WhiteFideId "1160664"]
[BlackFideId "4115074"]
[EventDate "2018.07.20"]

1. d4 f5 2. g3 Nf6 3. Bg2 g6 4. Nf3 Bg7 5. O-O O-O 6. c4 d6 7. Nc3 c6 8. Rb1 Qc7
9. d5 a5 10. a3 Na6 11. b4 axb4 12. axb4 cxd5 13. Nxd5 Nxd5 14. Qxd5+ e6 15. Qd3
Bd7 16. Rd1 Ba4 17. Rd2 Rac8 18. Ng5 Rfe8 19. Ra2 Bd7 20. c5 dxc5 21. Bf4 Qd8
22. Rd2 h6 23. Nf7 Kxf7 24. Qxd7+ Qxd7 25. Rxd7+ Kg8 26. Bxb7 Nxb4 27. Bxc8 Rxc8
28. Bd6 Nc6 29. Bxc5 Ne5 30. Rxg7+ Kxg7 31. Bd4 1-0

[Event "29th Czech Open A 2018"]
[Site "Pardubice CZE"]
[Date "2018.07.25"]
[Round "6.12"]
[White "Bryzgalin, Kirill"]
[Black "Kobo, Ori"]
[Result "1/2-1/2"]
[WhiteTitle "GM"]
[BlackTitle "GM"]
[WhiteElo "2424"]
[BlackElo "2508"]
[WhiteFideId "4133285"]
[BlackFideId "2812320"]
[EventDate "2018.07.20"]

1. d4 d6 2. e4 Nf6 3. Nc3 g6 4. g3 Bg7 5. Bg2 O-O 6. Nge2 e5 7. h3 Nc6 8. Be3
exd4 9. Nxd4 Bd7 10. O-O Re8 11. Re1 a6 12. Nxc6 bxc6 13. Qd2 Rb8 14. b3 Qc8 15.
g4 h5 16. g5 Nh7 17. h4 f6 18. Rad1 Bh3 19. f3 Bxg2 20. Kxg2 Rf8 21. gxf6 Bxf6
22. Rh1 Be5 23. Rdf1 Qe6 24. Ne2 Nf6 25. Nf4 Bxf4 26. Bxf4 Rf7 27. Bg3 Rbf8 28.
Re1 Nd7 29. Rhf1 Kh7 30. c4 Ra8 31. Qg5 Nc5 32. Qe3 Qe7 33. e5 d5 34. cxd5 cxd5
35. e6 Rf5 36. Rc1 d4 37. Qxd4 Rd8 38. Qe3 Qxe6 39. Rfe1 Qxe3 40. Rxe3 Rd2+ 41.
Kh3 Rd7 42. Rc4 a5 43. a3 Kg8 44. b4 axb4 45. axb4 Nd3 46. Bxc7 Nxb4 47. Rxb4
Rxc7 1/2-1/2

[Event "29th Czech Open A 2018"]
[Site "Pardubice CZE"]
[Date "2018.07.25"]
[Round "6.13"]
[White "Paravyan, David"]
[Black "Yagupov, Igor"]
[Result "1-0"]
[WhiteTitle "GM"]
[BlackTitle "GM"]
[WhiteElo "2638"]
[BlackElo "2349"]
[WhiteFideId "4194985"]
[BlackFideId "4113632"]
[EventDate "2018.07.20"]

1. e4 c5 2. Nc3 Nc6 3. Bb5 Nd4 4. Nf3 e6 5. O-O a6 6. Bd3 Nc6 7. Re1 d6 8. Bf1
Nf6 9. d4 cxd4 10. Nxd4 Qc7 11. Re3 Be7 12. Nxc6 bxc6 13. Rg3 O-O 14. Bh6 Ne8
15. Qh5 f5 16. exf5 d5 17. fxe6 Bd6 18. Bxg7 Bxg3 19. Bxf8 Bxh2+ 20. Qxh2 Qxh2+
21. Kxh2 Kxf8 22. Re1 Ra7 23. Na4 Ke7 24. Bd3 Kd6 25. Nb6 Bxe6 26. Nc8+ Bxc8 27.
Rxe8 Be6 28. Rh8 Rf7 29. f3 Bf5 30. Bxf5 Rxf5 31. Rxh7 Re5 32. Rh6+ Kc7 33. g4
Re2+ 34. Kg3 Rxc2 35. Rh2 Rc1 36. g5 d4 37. Kf4 Kd6 38. Kf5 c5 39. g6 Rg1 40. b3
c4 41. bxc4 Kc5 42. f4 d3 43. Ke4 1-0

[Event "29th Czech Open A 2018"]
[Site "Pardubice CZE"]
[Date "2018.07.25"]
[Round "6.14"]
[White "Bernadskiy, Vitaliy"]
[Black "Haldorsen, Benjamin"]
[Result "1/2-1/2"]
[WhiteTitle "GM"]
[BlackTitle "FM"]
[WhiteElo "2586"]
[BlackElo "2423"]
[WhiteFideId "14100371"]
[BlackFideId "1512633"]
[EventDate "2018.07.20"]

1. e4 c5 2. Nf3 e6 3. g3 Nc6 4. Bg2 Nf6 5. Qe2 d6 6. O-O Be7 7. c3 e5 8. a3 O-O
9. b4 Re8 10. d3 Bf8 11. Nbd2 a6 12. Nc4 d5 13. exd5 Nxd5 14. Bb2 Bg4 15. Rfe1
Rc8 16. Qf1 f6 17. bxc5 Bxc5 18. d4 exd4 19. Rxe8+ Qxe8 20. cxd4 Bf8 21. Ng5 Rd8
22. Re1 Qd7 23. h3 Bf5 24. Bxd5+ Qxd5 25. Ne3 Qb3 26. Nxf5 fxg5 27. Qe2 g6 28.
Ne3 Bg7 29. Nc4 Nxd4 30. Bxd4 Bxd4 31. Qe6+ Kh8 32. Re3 Qb1+ 33. Kg2 Qf5 34. Nd6
Qxe6 35. Rxe6 Rf8 36. f3 b5 37. Ne4 Ra8 38. Nxg5 a5 39. Re7 b4 40. axb4 a4 41.
Re2 a3 42. Ra2 Bb2 43. Nf7+ Kg7 44. Nd6 Ra4 45. Nc4 Bc1 46. Nxa3 Rxa3 47. Rxa3
Bxa3 48. b5 Bc5 49. f4 Kf6 50. g4 Ke6 51. f5+ Ke5 52. fxg6 hxg6 53. h4 Kf4 1/2-1/2

[Event "29th Czech Open A 2018"]
[Site "Pardubice CZE"]
[Date "2018.07.25"]
[Round "6.15"]
[White "Vykouk, Jan"]
[Black "Vorobiov, Evgeny E."]
[Result "0-1"]
[WhiteTitle "FM"]
[BlackTitle "GM"]
[WhiteElo "2419"]
[BlackElo "2564"]
[WhiteFideId "349658"]
[BlackFideId "4121341"]
[EventDate "2018.07.20"]

1. e4 c5 2. Nf3 d6 3. d4 cxd4 4. Nxd4 Nf6 5. Nc3 a6 6. Be3 e5 7. Nb3 Be6 8. f3
Be7 9. Qd2 O-O 10. O-O-O a5 11. a4 Nc6 12. g4 Nb4 13. g5 Nh5 14. Rg1 Qc7 15. Kb1
Rfc8 16. Qf2 Qb8 17. Rd2 g6 18. h4 f5 19. gxf6 Bxf6 20. Qh2 Bf7 21. Bh3 Rxc3 22.
bxc3 b5 23. Bd7 Qc7 24. cxb4 Qxd7 25. Nxa5 bxa4 26. Qe2 Rb8 27. Bc5 Qc7 28. Bxd6
Qc3 29. Rd3 Rxb4+ 30. Nb3 Qc4 31. Qd2 Rb7 32. Qa5 Be8 33. Rc3 Qf7 34. Rc7 Rxc7
35. Qxc7 axb3 36. c4 Nf4 37. Qxf7+ Kxf7 38. Kb2 Ke6 39. c5 Ne2 40. Rd1 Nd4 41.
f4 Bc6 42. fxe5 Bxe5 43. Bxe5 Kxe5 44. Kc3 Ne6 0-1

[Event "29th Czech Open A 2018"]
[Site "Pardubice CZE"]
[Date "2018.07.25"]
[Round "6.16"]
[White "Boruchovsky, Avital"]
[Black "Piscopo, Pierluigi"]
[Result "0-1"]
[WhiteTitle "GM"]
[BlackTitle "IM"]
[WhiteElo "2558"]
[BlackElo "2389"]
[WhiteFideId "2800055"]
[BlackFideId "809152"]
[EventDate "2018.07.20"]

1. e4 c5 2. Nf3 Nc6 3. Bb5 g6 4. O-O Bg7 5. Nc3 Nh6 6. d3 O-O 7. h3 f5 8. Bxc6
bxc6 9. e5 Nf7 10. Re1 Rb8 11. Na4 Qc7 12. Bf4 Rb4 13. c4 d6 14. exd6 exd6 15.
Rb1 Qd8 16. Bd2 Rb7 17. Bc3 Ng5 18. Bxg7 Rxg7 19. Nxg5 Qxg5 20. Qf3 Bd7 21. Rbd1
Qf6 22. d4 cxd4 23. c5 d5 24. Qf4 g5 25. Qxd4 Qh6 26. f4 gxf4 27. Rf1 Re8 28.
Qxf4 Re2 29. Kh1 Rgxg2 30. Qb8+ Kg7 31. Rd3 f4 32. Qxf4 Qxf4 33. Rxf4 Rh2+ 34.
Kg1 Rxh3 35. Rxh3 Bxh3 36. Rb4 Kf6 37. Nc3 Rg2+ 38. Kh1 Rc2 39. Rb7 Bf5 40. Rc7
d4 41. Na4 Be4+ 42. Kg1 d3 43. Nc3 Rxc3 0-1

[Event "29th Czech Open A 2018"]
[Site "Pardubice CZE"]
[Date "2018.07.25"]
[Round "6.17"]
[White "Sadhwani, Raunak"]
[Black "Nguyen, Thai Dai Van"]
[Result "1/2-1/2"]
[WhiteTitle "FM"]
[BlackTitle "GM"]
[WhiteElo "2409"]
[BlackElo "2546"]
[WhiteFideId "35093487"]
[BlackFideId "358878"]
[EventDate "2018.07.20"]

1. e4 c5 2. Nf3 d6 3. d4 cxd4 4. Nxd4 Nf6 5. Nc3 a6 6. Be2 e5 7. Nf3 Be7 8. Bg5
Nbd7 9. a4 h6 10. Be3 Ng4 11. Bc1 Nc5 12. O-O Nf6 13. Nd2 Be6 14. Re1 O-O 15.
Bf3 Qa5 16. Nf1 b5 17. Ne3 bxa4 18. Nf5 Bxf5 19. exf5 Rab8 20. Nxa4 Nxa4 21. b3
Qc7 22. Rxa4 d5 23. Bxd5 Nxd5 24. Qxd5 Qxc2 25. Qxe5 Bf6 26. Qe4 Qxe4 27. Rexe4
Rfd8 28. Re1 Bc3 29. Rf1 a5 30. Ra3 Rd3 31. f6 Bb4 32. Ra2 Rxb3 33. fxg7 Kxg7
34. Bf4 Ra8 35. Ra4 Ra3 36. Rxa3 Bxa3 37. Ra1 Bb4 38. Ra4 h5 39. Kf1 Kf6 40. Ke2
Rd8 41. Be3 Ke6 42. Ra1 Rg8 43. g3 Ra8 44. Bd2 Bxd2 45. Kxd2 a4 46. Ra3 Kf5 47.
h3 1/2-1/2